Statistics for Landmarks by Letter E - Picture Quiz

Click here to take the quiz!

General Stats

  • This quiz has been taken 174 times
  • The average score is 8 of 15

Answer Stats

Answer% Correct
Eiffel Tower
98%
Empire State Building
97%
Mt. {Everest}
93%
{Edinburgh} Castle
80%
{Ellis}'s Island
64%
{Eton} College
61%
Etna
60%
Everglades
58%
{European} Parliament
56%
Mt. {Elbrus}
52%
{Emirates} Stadium
44%
Epcot
38%
{El} {Alamein} War Cemetery
15%
{Elite} Residence
5%
El Castillo
4%

Score Distribution

Percentile by Number Answered

Percent of People with Each Score

Your Score History

You have not taken this quiz